01645nam a22001697a 4500003000900000005001700009008004100026040001300067100005000080245013400130250000600264260002100270300001700291490007200308500008300380520101200463IT-RoPau20220918175936.0121203b xxu||||| |||| 00| 0 eng d cIT-RoPau aAlberione GiacomoqFondatore famiglia Paolina aCenni storici generali della Pia Societa' San Paolo.bRoma 1979. Edizioni dell' Archivio Storico Generale della famiglia Paolina  aI aRomabPSSPc1979 a92 p.c18 cm aEdizioni dell' Archivio Storico Generale della Famiglia PaolinavI aPresentiamo le 25 puntate della prima storia organica della Famiglia Paolina.  aIndice Introduzione Puntata n° 1 ( febbraio 1923) Puntata n° 2 ( marzo 1923) Puntata n° 3 ( aprile 1923) Puntata n° 4 ( maggio 1923) Puntata n° 5 ( giugno 1923) Puntata n° 6 ( luglio 1923) Puntata n° 7 ( agosto 1923) Puntata n° 8 ( settembre 1923) Puntata n° 9 ( ottobre 1923) Puntata n° 10 ( novembre 1923) Puntata n° 11 ( dicembre 1923) Puntata n° 12 ( gennaio 1924) Puntata n° 13 ( febbraio 1924) Puntata n° 14 ( marzo 1924) Puntata n° 15 ( aprile 1924) Puntata n° 16 ( maggio 1924) Puntata n° 17 ( giugno 1924) Puntata n° 18 ( luglio 1924) Puntata n° 19 ( agosto 1924) Puntata n° 20 ( settembre 1924) Puntata n° 21 ( ottobre 1924) Puntata n° 22 ( novembre 1924) Puntata n° 23 ( dicembre 1924) Puntata n° 24 ( febbraio 1925) Puntata n° 25 ( aprile 1925) Appendice Introduzione Don Alberione ai piedi di Benedetto XV Una carità alla Buona Stampa I Cooperatori Paolini e il loro giornaletto Un certo clima mariano Audiovisivi negli anni 20 Partecipazione alla vita ecclesiale